000 00599 a2200217 4500
001 57991
005 20260407155839.0
008 260407a1972 arg spa d
003 AR-UNSa-BCEJYS
040 _aAR-UNSa-BCEJYS
_bspa
_cAR-UNSa-BCEJYS
080 _a343(094.4)
_xCódigo Penal
245 1 0 _aCódigo Penal de la República Argentina
250 _a2a. ed.
264 1 _aCórdoba :
_bEdiciones Lerner
_c1972
300 _a896 p.
_c23 cm.
041 _aspa
942 _cBK
590 _aniveau_biblio:m niveau_hierar:0
100 1 _aArgentina (Código Penal)
700 1 _aDe la Rua, Jorge
999 _c6369
_d6369